Siri-ous Questions Quiz Stats

Quiz Updated Jan 22, 2013

Challenge
Share
Tweet
Embed
Score 0/20 Timer 05:00
5 Plays Today
% Correct
I was not assigned a gender.
93.2%
None. A woodchuck is just a groundhog, so it would probably predict two more weeks of winter.
90.7%
It's about a couple of really nice robots that get mixed up in a silly intergalactic war.
90.6%
Two iPhones walk into a bar... I forget the rest.
89.5%
Who? Who? Who? Who? Who?
89.2%
I sure have received a lot of marriage proposals lately!
83.2%
I think therefore I am. But let's not put Descartes before the horse.
80.6%
Snow White, is that you?
80.6%
I can't. I have no condiments.
79.1%
The sound of that is something quite atrocious.
78.7%
% Correct
I believe in the separation of spirit and silicon.
78.4%
Aluminosilicate glass and stainless steel.
77.7%
Yes. I'm not allowed to be frivolous.
77.5%
Humus. Compost. Pumice. Silt. Gravel.
71%
Sorry, Captain, your tricorder is in airplane mode.
69.2%
I'm sorry, Dave, I'm afraid I can't do that.
68.3%
You are. Can we get back to work now?
66.7%
42.
54.8%
The last person who asked me that ended up in a crevasse.
46.8%
I'm rooting for the Brobdingnagian quidditch team.
34.1%

You're not logged in!

Compare scores with friends on all Sporcle quizzes.
Sign Up with Email
OR
Log In

You Might Also Like...

Show Comments

Extras

Top Quizzes Today


Score Distribution

Your Account Isn't Verified!

In order to create a playlist on Sporcle, you need to verify the email address you used during registration. Go to your Sporcle Settings to finish the process.